Профессиональная подготовка на английском языке. Часть 1. Process technology. Equipment and systems: электронный курс

Dades bibliogràfiques
Autor principal: Белинская Н. С. Наталия Сергеевна
Autor corporatiu: Национальный исследовательский Томский политехнический университет Инженерная школа природных ресурсов Отделение химической инженерии
Sumari:Заглавие с экрана
Основной целью курса является приобретение знаний в области оборудования и систем, применяемых в химической технологии, а также навыков применения английского языка в профессиональной и научной деятельности. Курс предназначен для студентов 4 курса бакалавриата, 7 семестр.
Доступ по логину и паролю
Idioma:rus
Publicat: Томск, TPU Moodle, 2020
Matèries:
Accés en línia:https://design.lms.tpu.ru/course/view.php?id=3821
Format: MixedMaterials Electrònic Llibre
KOHA link:https://koha.lib.tpu.ru/cgi-bin/koha/opac-detail.pl?biblionumber=666032

MARC

LEADER 00000nlm0a2200000 4500
001 666032
005 20260410071621.0
035 |a (RuTPU)RU\TPU\network\37236 
035 |a RU\TPU\network\26401 
090 |a 666032 
100 |a 20211130d2020 m y0rusy50 ca 
101 0 |a rus 
102 |a RU 
105 |a a j 000zy 
135 |a jrcn ---uucaa 
181 0 |a i  
182 0 |a b 
200 1 |a Профессиональная подготовка на английском языке. Часть 1. Process technology. Equipment and systems  |e электронный курс  |f Н. С. Белинская  |g Национальный исследовательский Томский политехнический университет, Инженерная школа природных ресурсов, Отделение химической инженерии 
203 |a Текст  |c электронный 
210 |a Томск  |c TPU Moodle  |d 2020 
300 |a Заглавие с экрана 
330 |a Основной целью курса является приобретение знаний в области оборудования и систем, применяемых в химической технологии, а также навыков применения английского языка в профессиональной и научной деятельности. Курс предназначен для студентов 4 курса бакалавриата, 7 семестр. 
333 |a Доступ по логину и паролю 
606 1 |a Английский язык  |x Учебные руководства и пособия  |x Учебные руководства и пособия для высшей школы  |2 stltpush  |3 (RuTPU)RU\TPU\subj\29071  |9 52483 
610 1 |a электронный ресурс 
610 1 |a труды учёных ТПУ 
610 1 |a электронные учебные пособия 
610 1 |a учебные пособия 
610 1 |a Moodle 
610 1 |a e-learning 
686 |a Ш143.21-923  |2 rubbk 
700 1 |a Белинская  |b Н. С.  |c химик  |c доцент Томского политехнического университета, кандидат технических наук  |f 1989-  |g Наталия Сергеевна  |y Томск  |3 (RuTPU)RU\TPU\pers\30822  |9 15069 
712 0 2 |a Национальный исследовательский Томский политехнический университет  |b Инженерная школа природных ресурсов  |b Отделение химической инженерии  |3 (RuTPU)RU\TPU\col\23513 
801 2 |a RU  |b 63413507  |c 20220621  |g RCR 
856 4 |u https://design.lms.tpu.ru/course/view.php?id=3821 
942 |c CF